| 000 | 00666nam a2200217 u 4500 | ||
|---|---|---|---|
| 005 | 20230623063612.0 | ||
| 008 | 160526s2015 r 000 0 eng d | ||
| 020 | _a9786070126222 | ||
| 035 | _aUPN01000210672 | ||
| 049 | _aI | ||
| 050 | 4 |
_aPZ76.3 _bH5.2 |
|
| 100 | 1 |
_aHinojosa, Francisco, _d1954- _928902 |
|
| 245 | 1 | 0 |
_aBuenos, Malos, y peores / _cFrancisco Hinojosa ; il. Luis San Vicente. |
| 260 |
_aMéxico : _bAlfaguara, _c2015. |
||
| 300 |
_a31 p. : _bil. col. |
||
| 440 | 0 |
_aAlfaguara infantil. _pDesde 6 años |
|
| 650 | 0 |
_aAnimales _vCuentos y leyendas _9234 |
|
| 650 | 4 |
_aCuentos infantiles mexicanos _97723 |
|
| 905 | _aInfantil | ||
| 999 |
_c182773 _d182773 |
||